Democracy and globalization: anger, fear, and hope (Record no. 1225934)

MARC details
000 -LEADER
fixed length control field 00655nam a2200217Ia 4500
005 - DATE AND TIME OF LATEST TRANSACTION
control field 20241129105803.0
008 - FIXED-LENGTH DATA ELEMENTS--GENERAL INFORMATION
fixed length control field 241129s9999||||xx |||||||||||||| ||und||
020 ## - INTERNATIONAL STANDARD BOOK NUMBER
International Standard Book Number 978-0-367-46191-1
037 ## - SOURCE OF ACQUISITION
Stock number TB
040 ## - CATALOGING SOURCE
Original cataloging agency ARTS
Language of cataloging eng
Transcribing agency ARTS
041 ## - LANGUAGE CODE
Language code of text/sound track or separate title eng
Source of code eng
084 ## - COLON CLASSIFICATION NUMBER
Classification number W6 R0
Assigning agency ARTS
100 ## - MAIN ENTRY--PERSONAL NAME
Personal name Colomer Josep M. Au.; Beale Ashley L. Au.
9 (RLIN) 724739
245 #0 - TITLE STATEMENT
Title Democracy and globalization: anger, fear, and hope
Statement of responsibility, etc. Colomer Josep M. Au.; Beale Ashley L. Au.
260 ## - PUBLICATION, DISTRIBUTION, ETC.
Place of publication, distribution, etc. UK
Name of publisher, distributor, etc. Routledge
Date of publication, distribution, etc. 2022
300 ## - PHYSICAL DESCRIPTION
Extent 163p.
365 ## - TRADE PRICE
Price type code UKP
Price amount 34.99
650 ## - SUBJECT ADDED ENTRY--TOPICAL TERM
Topical term or geographic name entry element Political ScienceDemocracy
9 (RLIN) 726228
942 ## - ADDED ENTRY ELEMENTS (KOHA)
Koha item type Textbook
Classification part W6 R0

No items available.

Copyright @ Delhi University Library System